Normal view
MARC view
- Pérez Santiago, Samuel
Entry Nombre Personal
001 - NUMERO DE CONTROL
- campo de control: 48810
003 - IDENTIFICADOR DE NUMERO DE CONTROL
- campo de control: UPN
005 - FECHA Y HORA DE LA ÜLTIMA TRANSACCIÓN
- campo de control: 20230508131804.0
008 - DATOS DE LONGITUD FIJA
- campo de control de longitud fija: 230508nn acn||aabn a aaa d
040 ## - FUENTE DE CATALOGACIÓN
- Agencia original de catalogación: MX-MxUPN
- Lenguaje de catalogación: spa
100 1# - ENCABEZAMIENTO - NOMBRE PERSONAL
- Nombre personal: Pérez Santiago, Samuel
400 1# - VEÁSE - NOMBRE DE PERSONA
- Personal name: Santiago, Samuel Pérez
670 ## - FUENTE EN LA QUE SE LOCALIZARON DATOS
- Cita de la fuente: La entidad donde vivo, 2012:
- Información localizada: reverso de la portada (Elizabeth Carbajal Huerta)
902 ## - CATALOGADOR
- Catalogador: VíctorGodínez/080523
